| 000 | 01035nam a2200217Ia 4500 | ||
|---|---|---|---|
| 003 | OSt | ||
| 005 | 20211118100227.0 | ||
| 008 | 210310s2000 ck ad fr 000 0 spa d | ||
| 040 |
_aCO-JMCR _cCO-JMCR |
||
| 041 | 0 | _aspa | |
| 082 | 0 | 4 |
_a338.9861 / _bC718p _223 |
| 100 |
_a _917989 |
||
| 110 | 1 |
_aColombia. _bMinisterio de Desarrollo Económico _98456 |
|
| 245 | 1 | 0 |
_aPolítica industrial para una economía en reactivación / _cMinisterio de Desarrollo Económico |
| 260 |
_aBogotá : _bMinisterio de Desarrollo Económico, _c2000 |
||
| 300 |
_a96 páginas : _bilustraciones, gráficas y fotografías a color ; _c28 cm. |
||
| 504 | _aBibliografía: páginas 95-96 | ||
| 505 | 0 | _aEl Estado y la política industrial -- Las lecciones del pasado -- La necesidad de una política industrial -- Comportamiento y estructura de la industria colombiana -- Principales componentes de una política industrial moderna -- Coordinación con otras políticas e instituciones | |
| 650 | 1 | 4 |
_aPolítica industrial _918348 _zColombia |
| 942 |
_2ddc _cBK |
||
| 999 |
_c8809 _d8809 |
||